| 000 | 00804nam a22002897a 4500 | ||
|---|---|---|---|
| 001 | BR9300419 | ||
| 003 | BR-BrBNA | ||
| 005 | 20230928093817.0 | ||
| 007 | ta | ||
| 008 | 230509b bl.||||| |||| 00| 0 por d | ||
| 040 |
_aBR-BrBNA _bpor _cBiblioteca Nacional de Agricultura |
||
| 041 | _a(Eng, Por) | ||
| 072 |
_aH20; L73; P34 _b4110 |
||
| 090 | _ 4110 BR9300419 | ||
| 100 | 1 | _aCanhos, V.P. | |
| 100 | 1 | _aSouza, S. de | |
| 100 | 1 | _aCanhos, D.A.L. | |
| 110 | 1 |
_aFundacao Tropical de Pesquisas e Tecnologia, Campinas, SP (Brasil) _95033 |
|
| 245 | 1 | _aCatalogo nacional de linhagens. Vol. 1 - Bacterias | |
| 250 | 1 | _a3. ed. | |
| 260 | 3 |
_aCampinas, SP (Brasil): _c1989. |
|
| 300 | _a164 p. | ||
| 650 | _aBacteria | ||
| 650 | _aLinhagem | ||
| 909 |
_a202309 _bLucia _c55 _dLucia Elande |
||
| 942 | _cBK | ||
| 999 |
_c47242 _d47242 |
||